000 00458nam a2200157Ia 4500
008 240729s9999 xx 000 0 und d
022 _a2054-8923
245 0 _aScience and Technology of Archaeological Research
260 _aUnited Kingdom
260 _bTaylor & Francis Group
650 _a Archaeology
650 _aAuxiliary sciences of history
856 _uhttps://doaj.org/toc/47edf82cabad4168a308d86268bfdf1a
942 _2ddc
942 _cDOAJEJ
999 _c69079
_d69079
945 _a1
_bMadushi Gamage
_c1
_dMadushi Gamage